Statistics for Top 100 Biggest Cities in Alabama

Click here to take the quiz!

General Stats

  • This quiz has been taken 1,369 times
    (1,133 since last reset)
  • The average score is 29 of 100

Answer Stats

#CityPopulation% Correct
1Birmingham209,403
97%
3Montgomery198,525
96%
4Mobile188,720
94%
2Huntsville200,574
92%
5Tuscaloosa101,129
84%
8Auburn66,259
75%
7Dothan68,941
62%
6Hoover85,768
62%
9Decatur54,445
56%
11Florence40,797
54%
10Madison51,593
51%
35Selma17,231
50%
14Gadsden35,000
47%
55Gulf Shores12,757
43%
29Anniston21,287
40%
17Opelika30,908
40%
12Phenix City36,487
40%
39Talladega15,457
40%
21Bessemer26,472
39%
20Daphne26,869
39%
43Muscle Shoals14,575
38%
15Vestavia Hills34,413
37%
37Cullman16,034
36%
18Enterprise28,376
36%
19Athens27,366
35%
16Alabaster33,487
34%
90Orange Beach6,235
34%
13Prattville35,597
34%
56Jacksonville12,544
32%
34Troy18,957
32%
25Fairhope22,677
31%
31Foley20,391
30%
52Jasper13,431
30%
50Fort Payne14,074
29%
80Tuskegee8,142
29%
81Greenville7,395
27%
32Mountain Brook20,297
27%
30Oxford21,225
27%
23Homewood25,377
26%
57Leeds12,040
26%
24Pelham23,911
26%
45Scottsboro14,436
26%
26Trussville22,635
26%
48Gardendale14,177
25%
22Northport26,115
25%
58Sylacauga12,034
24%
46Alexander City14,317
23%
75Andalusia8,680
23%
86Demopolis6,612
23%
54Irondale12,893
23%
69Spanish Fort9,214
23%
79Wetumpka8,371
23%
76Guntersville8,571
22%
96Monroeville5,718
22%
51Pell City14,045
22%
67Bay Minette9,354
21%
74Clanton8,794
21%
27Albertville21,711
20%
49Chelsea14,126
20%
44Hartselle14,466
20%
89Opp6,390
20%
63Russellville9,737
20%
42Saraland14,649
20%
77Tuscumbia8,461
20%
78Arab8,383
19%
71Atmore9,107
19%
68Fultondale9,284
19%
87Hamilton6,606
19%
28Prichard21,428
19%
41Calera14,717
18%
59Eufaula11,709
18%
33Helena19,925
18%
40Hueytown15,322
18%
65Rainbow City9,611
18%
100Brewton5,210
17%
60Fairfield10,568
17%
73Sheffield8,901
17%
64Boaz9,704
16%
53Moody13,065
16%
88Oneonta6,577
16%
47Ozark14,284
16%
62Clay9,923
15%
84Lincoln6,781
15%
38Millbrook15,896
14%
85Montevallo6,738
13%
82Pinson7,106
13%
91Satsuma6,190
13%
36Center Point16,110
12%
83Robertsdale6,815
12%
99Smiths Station5,391
12%
93Tarrant6,109
12%
70Valley9,141
12%
97Chickasaw5,702
11%
95Attalla5,771
10%
61Pike Road10,159
10%
66Pleasant Grove9,604
10%
94Roanoke5,913
10%
98Semmes5,594
9%
72Southside8,915
8%
92Lanett6,151
7%

Score Distribution

Percentile by Number Answered

Percent of People with Each Score

Your Score History

You have not taken this quiz since the last reset